Click the Canadian Province on a Borderless Map - Statistics

General Stats
  • This quiz has been taken 699 times
  • The average score is 10 of 13
Answers on the Map
Answers color-coded by a green-red scale on the quiz's map according to % correct below.
 
Answer Stats
Answer % Correct
British Columbia
88%
Nunavut
88%
Ontario
88%
Quebec
88%
Newfoundland and
Labrador
85%
Alberta
83%
Yukon
83%
Saskatchewan
78%
Northwest Territories
76%
Manitoba
75%
New Brunswick
75%
Nova Scotia
70%
Prince Edward Island
70%
No matching quizzes found
Score Distribution
Percent of People with Each Score
Percentile by Number Answered
Your Score History
You have not taken this quiz